British Number One Men’s Tennis Players - Statistics

General Stats
  • This quiz has been taken 92 times
    53 since last reset
  • The average score is 6 of 15
Answer Stats
Years Answer % Correct
2006, 2006-2018 Andy Murray
98%
2021-2024 Cameron Norrie
77%
1996-1997, 1998-2006 Tim Henman
74%
2019-2021 Dan Evans
65%
1995-1996, 1997-1998, 2006 Greg Rusedski
58%
2024- Jack Draper
44%
2018-2019 Kyle Edmund
37%
1984-1986 John Lloyd
26%
1986-87, 1991 Andrew Castle
19%
1977-1983 Buster Mottram
19%
1973-1974 Roger Taylor
19%
1974-1977 Mark Cox
14%
1987, 1987-88, 1989-91, 1991-1995 Jeremy Bates
12%
1988-1989 Neil Broad
12%
1983-1984 Colin Dowdeswell
2%
No matching quizzes found
Score Distribution
Percent of People with Each Score
Percentile by Number Answered
Your Score History
You have not taken this quiz since the last reset